Statistics for USA Centric - Common Place Names #3 - Local Only

Click here to take the quiz!

General Stats

  • This quiz has been taken 25 times
  • The average score is 22 of 111

Answer Stats

Name Local City Town Borough Village Precinct Unorg Terr % Correct
2Washington299171110
100%
3Lincoln277181010
86%
14Jefferson196102010
86%
6Jackson2310100210
81%
98Adams11550100
76%
5Springfield2312110000
71%
9Madison201172000
71%
1Franklin3315142020
62%
10Monroe20981110
62%
13Richmond19990100
48%
107Taylor11431300
48%
92Grant12470010
43%
106Athens11441200
43%
70Wilson13461200
43%
27Columbus171240100
38%
42Columbia15681000
38%
44Harrison15390300
38%
31Manchester17781010
38%
46Albany14840200
38%
21Cleveland18980100
38%
4Clinton2411100300
38%
28Greenville171061000
38%
40Aurora15870000
33%
75Lancaster12830010
33%
17Salem181160100
33%
80Portland12741000
29%
99Rochester11541100
29%
77Buffalo12750000
29%
32Oakland17692000
29%
26Plymouth185111100
29%
45Hamilton14860000
29%
59Hartford13850000
29%
37Oxford16761200
24%
7Union227130110
24%
72Lafayette12840000
24%
33Georgetown17691100
24%
93Jamestown12461100
24%
29Newport17871100
24%
49Warren14590000
24%
61Newton13760000
24%
81Cambridge12730200
19%
69Bristol13471100
19%
23Dover18891000
19%
94Bellevue11901100
19%
22Trenton18980100
19%
19Dayton181071000
19%
73Henderson12840000
19%
39Lexington15960000
14%
34Auburn161051000
14%
30Troy17791000
14%
109Hancock11370100
14%
65Holland13580000
14%
52Kingston14571100
14%
15Chester194121110
14%
74Independence12840000
14%
78Hillsboro12750000
10%
83Marshall12650100
10%
62Greenfield13760000
10%
97Alexandria11631100
10%
84Hampton12641100
10%
58Florence13850000
10%
86Fremont12560100
10%
87Wilton12560100
10%
51Berlin14572000
10%
89Concord12550110
10%
41Canton15771000
10%
35Arlington16940300
10%
20Fairfield18981000
10%
18Burlington181071000
10%
16Liberty194102102
10%
8Marion201280000
10%
91Middletown12471000
10%
85Winchester12570000
5%
90Easton12480000
5%
105Norwood11442100
5%
76Perry12750000
5%
11Farmington207130000
5%
108Oak Grove11380000
5%
36Lebanon16771100
5%
38Milford16672100
5%
43Weston15670200
5%
47Hudson14680000
5%
96Mansfield11641000
5%
50Fairview14572000
5%
55Windsor141121000
5%
57Lake City13931000
5%
60Princeton13841000
5%
63Centerville13742000
5%
67Bloomfield13541120
5%
102Seneca11460100
5%
101Clifton11470000
0%
104Livingston11450200
0%
103Butler11451100
0%
100Arcadia11540110
0%
110Grafton11350300
0%
56Mount Vernon13940000
0%
95Alma11650000
0%
88Mount Pleasant12551100
0%
82Monticello12730200
0%
79Montrose12741000
0%
71Randolph13370300
0%
68Albion13481000
0%
66Spencer13550300
0%
64Richland13641101
0%
54Sharon143100100
0%
53Benton14471110
0%
48Greenwood14670100
0%
25Clayton186101100
0%
24Milton18791001
0%
12Ashland207102100
0%
111Summit11280100
0%

Score Distribution

Percentile by Number Answered

Percent of People with Each Score

Your Score History

You have not taken this quiz